000 00623nam a2200205Ia 4500
003 OSt
005 20251113153250.0
008 210719s1993 xx 000 0 und d
040 _cAL
041 _aKan
082 _aK894.8 VIRP
100 _aVIRENDRA HEGGADE (D)
_dವೀರೇಂದ್ರ ಹೆಗ್ಗಡೆ
_9201408
245 _aPravardhamana.
_bಪ್ರವರ್ಧಮಾನ
260 _aDharmasthala
_bShri Virendra Heggade Pattabhisheka Rajatotsava Samiti
_c1993
300 _a700,50
_bPB
365 _b300
_cRs
650 _aKannada Miscellaneous
_9201409
906 _aVirendra Heggade
942 _2ddc
_cBK
999 _c212350
_d212350